| 000 | 00446nam a22001457a 4500 | ||
|---|---|---|---|
| 020 | _a0340760273 | ||
| 082 |
_a610 _bMED |
||
| 245 |
_aMedicine in Society : _bBehavioural Sciences for Medical Students / _cEdited by Christopher Dowrick |
||
| 260 |
_aLondon : _bArnold, Hodder Headline Group, _c2012. |
||
| 300 |
_a266 p. ; _bill, _c25 cm. |
||
| 563 | _aPBK. | ||
| 650 |
_aMedicine and psychology _912349 |
||
| 650 | _aPsychology | ||
| 942 |
_2ddc _cBK |
||
| 999 |
_c595162 _d595162 |
||